000 00733nam a2200217 a 4500
001 BRCA_2300
005 20190320203741.0
008 120608s1794----gw-a######---#000-0#ger-#
041 _ager
044 _agw
050 4 _aDD418
_b.B47 1794
100 1 _aSeckendorff, Theresius Joseph Carl Sigismund Ludwig von
_96886
245 1 0 _aVersuch einer Lebensbeschreibung des Feldmarschalls Grafen von Seckendorff
_bMeist Aus Ungedruckten Nachrichten Bearbeitet : Die Gesandtschaften des Grafen von Seckendorff ; 2.
_n4
260 _a[Leipzig]
_b[Barth]
_c1794
300 _a[4] 362 p.
_c17 cm.
500 _aI3
650 1 4 _aGenerales
_xBiografĂ­a
_zAlemania
_96887
651 4 _aPrusia
_zAlemania
_96888
902 _aGFM
942 _2lcc
_cB
999 _c2045
_d2045